000 00916nam a22002297a 4500
999 _c63931
_d63931
005 20240530110706.0
008 180117s2016 ua g b 000 0 ara d
017 _a2015/20489
_bمصر. دار الكتب
020 _a9789777292641
040 _aEG-CaGPL
_cEG-CaGPL
082 0 4 _221
_a510 /
_bج ر
100 0 _aجادالله ابوالمكارم جادالله على
245 1 2 _aالرياضيات :
_bتاريخ علم واسهام علماء /
_cجادالله ابوالمكارم جادالله على
260 _aالاسكندرية :
_bالمكتبة التربوية،
_c2016.
300 _a339 ص. ؛
_c24 سم.
504 _aيشتمل على ارجاعات ببليوجرافية
650 0 7 _2qrmak
_aالرياضيات
_xتاريخ
650 0 7 _2qrmak
_aالرياضيات
_xتعليم وتدريس
651 _2qrmak
942 _2ddc
_cBK